000 00590cam a2200193 a 4500
001 000003825
005 20200929150602.0
008 691120s1969 nyu 000 1 eng
040 _aDO-SdBNP
_bspa
_cBNPHU
082 _a364.132
_bB842g
100 1 _aBreslin, Jimmy.
_911583
245 1 4 _aThe gang that couldn't shoot straight /
_cJimmy Breslin.
260 _aNew York :
_bViking Press,
_c1969.
300 _a254 p. ;
_c22 cm.
650 4 _aCrimen organizado
_xFicción
_911584
651 4 _aNew York
_xFicción
_911585
650 4 _aCrimen
_xFicción
_911586
650 4 _aMafia
_xFicción
_911587
999 _c3647
_d3647